<?xml version="1.0" encoding="UTF-8"?>
<marc:record xmlns:marc="http://www.loc.gov/MARC21/slim">
   <marc:leader>00000nam a2200000 a 4500</marc:leader>
   <marc:datafield ind1="0" ind2="0" tag="245">
      <marc:subfield code="a">Finden Sie Winden</marc:subfield>
   </marc:datafield>
   <marc:datafield ind1="0" ind2="0" tag="245">
      <marc:subfield code="b">Ab 10 Jahren. - Für 2 bis 5 Spieler. - Spieldauer: ca. 45 Min.</marc:subfield>
   </marc:datafield>
   <marc:datafield ind1=" " ind2="1" tag="264">
      <marc:subfield code="a">Stuttgart</marc:subfield>
      <marc:subfield code="b">Kosmos Verlag</marc:subfield>
      <marc:subfield code="c">2009</marc:subfield>
   </marc:datafield>
   <marc:datafield ind1="1" ind2=" " tag="520">
      <marc:subfield code="a">Bei diesem Spiel geht es um Städte, Sehenwürdigkeiten und Gebiete in Österreich. Die Spieler versuchen, einen Ort möglichst exakt auf der Österreichkarte zu lokalisieren. Doch keine Angst, auch wer sich nicht so gut auskennt hat eine Chance, denn die Spieler können frei wählen, wie genau sie die Lage des Ortes mit Hilfe ihrer Tippsteine angeben.</marc:subfield>
   </marc:datafield>
   <marc:datafield ind1="0" ind2=" " tag="490">
      <marc:subfield code="v">0</marc:subfield>
   </marc:datafield>
</marc:record>
